00423nam a22001217a 4500003000400000005001700004008004100021040000800062082000800070245012000078260008600198300001700284OSt20190115191819.0190115b ||||| |||| 00| 0 eng d cDLC a234 aA Reader on Salvation and Evangelism/bJesus-Our World - One Savior/cInternational Church of the Foursquare Gospel aLos Angels, Calfornia, UsabInternational Church of the Foursquare Gospelcc.1995 a257p.;c21cm